000 00386nam a2200169Ia 4500
008 240510s9999 xx 000 0 und d
041 _aEng
082 _a519.23
082 _bJ25
100 _aJenkins, G.M and Watts, D.G
245 0 _aSpectral Analysis and its Applications
260 _bHolden Day: USA
260 _c1968
300 _a525 p.
942 _2ddc
942 _cLBK
999 _c27330
_d27330
945 _a1
_bMadushi Gamage
_c1
_dMadushi Gamage